000 00587nam a2200193Ia 4500
005 20260114185650.0
008 008 260114s9999 xx 000 0 eng d
020 _a9780755623617
037 _aEBOOK
040 _aCRL
_beng
_cCRL
041 _aeng
_2eng
084 _qCRL
100 _aPatrick Crowhurst
_9872873
245 0 _aHitler and Czechoslovakia in World War II Domination and Retaliation
260 _bBloomsbury
_c2013
856 _uhttps://doi.org/10.5040/9780755623617?locatt=label:secondary_bloomsburyCollections
942 _cEBOOK
999 _c1471821
_d1471821